| 000 | 05154cam a2200505 i 4500 | ||
|---|---|---|---|
| 999 |
_c5514 _d5514 |
||
| 001 | ocn988854289 | ||
| 003 | TZ-ArACH | ||
| 005 | 20200916010603.0 | ||
| 008 | 170616s2017 ne b 001 0 eng | ||
| 010 | _a 2017029167 | ||
| 016 | 7 |
_a018549294 _2Uk |
|
| 020 |
_a9789004313743 _q(hardcover) |
||
| 020 |
_a9004313745 _q(hardcover) |
||
| 035 | _a(OCoLC)988854289 | ||
| 040 |
_aDLC _beng _erda _cTZ-ArACH |
||
| 042 | _apcc | ||
| 049 | _aTZAA | ||
| 050 | 0 | 0 |
_aKZ1266 _b.J83 2017 |
| 245 | 0 | 0 |
_aJudicial dialogue on human rights : _bthe practice of international criminal tribunals / _cedited by Paolo Lobba, Triestino Mariniello. |
| 260 |
_aLeiden ; _aBoston : _bBrill, _c2017. |
||
| 300 |
_axx, [301] pages ; _c25 cm. |
||
| 490 | 1 |
_aInternational Studies in Human Rights ; _vvolume 120 |
|
| 504 | _aIncludes bibliographical references and index. | ||
| 505 | 0 | _aThe grammar of the judicial dialogue between international criminal tribunals and the European Court: introductory remarks / Paolo Lobba and Triestino Mariniello -- Cross-fertilisation under the looking glass: transjudicial grammar and reception of Strasbourg jurisprudence by international criminal tribunals / Sergey Vasiliev -- 'Directory authority': fertilising international criminal tribunals' human rights standards with European Court of Human Rights' case law / Julia Geneuss -- Judicial dialogue in light of comparative criminal law and justice / Christoph Burchard -- Article 21 (3) of the ICC Statute : identifying and applying 'internationally recognized human rights / Volker Nerlich -- Article 21(3) of the ICC Statute and "Internationally recognized human rights" as a source of mandatory judicial dialogue / Christophe Deprez -- Beyond anecdotal reference : a comprehensive assessment of the references to the jurisprudence of the ECtHR / Frauke Sauerwein -- The Nulla Poena Sine Lege : a symptomatic sign of interactions between Strasbourg and the Hague / Damien Scalia -- Critical remarks on the accessibility/foreseeability standard as applied in international criminal justice / Giulio Vanacore -- The judicial dialogue between the ECtHR and the ad hoc tribunals on the right to rehabilitation of offenders / Alice Riccardi -- Judicial dialogue and the definition of torture : the importation of ICTS from European jurisprudence / Elena Maculan -- Absent witnesses and the right to confrontation: the influence of the jurisprudence of the European Court of Human Rights on international criminal law / Yvonne McDermott -- The special court for Sierra Leone's misapplication of the European Court of Human Rights case law on hearsay evidence and corroboration : the Taylor appeal judgment and the Al Khawaja and Tahery case / Yael Vias Gvirsman -- The interaction between the international criminal court and the European Court of Human Rights-the right to the truth for victims of serious violations of human rights : the importation of a new right? / Paolo Caroli -- Self- or cross-fertilization? referencing ECtHR jurisprudence to justify victim participation at the ICC / Kerstin Braun. | |
| 520 | 8 | _a"Judicial Dialogue on Human Rights' offers a critical legal perspective on the manner in which international criminal tribunals select, (re- )interpret and apply the principles and standards formulated by the European Court of Human Rights. A part of the book is devoted to testing the assumption that the current practice of cross-referencing, though widespread, is incoherent in method and erratic in substance. Notable illustrations analysed in the book include the nullum crimen principle, prohibition of torture, hearsay evidence and victims' rights. Another section of the book seeks to devise a methodologically sound 'grammar' of judicial dialogue, focussing on how and when human rights concepts may be transferred into the context of international criminal justice."--Back cover. | |
| 610 | 2 | 0 | _aInternational Criminal Court. |
| 610 | 2 | 0 | _aEuropean Court of Human Rights. |
| 610 | 2 | 0 | _aInternational Tribunal for the Prosecution of Persons Responsible for Serious Violations of International Humanitarian Law Committed in the Territory of the Former Yugoslavia since 1991. |
| 610 | 2 | 7 |
_aEuropean Court of Human Rights. _2fast |
| 610 | 2 | 7 |
_aInternational Criminal Court. _2fast |
| 610 | 2 | 7 |
_aInternational Tribunal for the Prosecution of Persons Responsible for Serious Violations of International Humanitarian Law Committed in the Territory of the Former Yugoslavia since 1991. _2fast |
| 650 | 0 | _aInternational law and human rights. | |
| 650 | 0 | _aInternational criminal courts. | |
| 650 | 0 | _aHuman rights. | |
| 650 | 0 | _aJudicial opinions. | |
| 650 | 7 |
_aHuman rights. _2fast |
|
| 650 | 7 |
_aInternational criminal courts. _2fast |
|
| 650 | 7 |
_aInternational law and human rights. _2fast |
|
| 650 | 7 |
_aJudicial opinions. _2fast |
|
| 700 | 1 |
_aLobba, Paolo, _eeditor. |
|
| 700 | 1 |
_aMariniello, Triestino, _eeditor. |
|
| 776 | 0 | 8 |
_iOnline version: _tJudicial dialogue on human rights. _dLeiden ; Boston : Brill, 2017 _z9789004313750 _w(DLC) 2017031402 |
| 830 | 0 |
_aInternational studies in human rights ; _vv. 120. |
|
| 942 |
_2lcc _cBOOK |
||